000 00974nam a22003017a 4500
001 BR9604388
003 BR-BrBNA
005 20230928095232.0
007 ta
008 230509b bl.||||| |||| 00| 0 por d
040 _aBR-BrBNA
_bpor
_cBiblioteca Nacional de Agricultura
041 _a(Por)
072 _aF30
_b0336
090 _ 0336 BR9604388
100 1 _aFarias Neto, J.T. de
110 1 _aEscola Superior de Agricultura Luiz de Queiroz, Piracicaba, SP (Brasil)
_0Tese (Doutor em Agronomia)
245 1 _aPotencialidade de progenies F4:3 e F5:3 derivadas de cruzamentos em cadeia para produtividade de oleo em soja
260 3 _aPiracicaba, SP (Brasil):
_c1995.
300 _a153 p.
500 _aBibliography p. 84-100; 7 illus.; 46 tables; Summaries (Eng, Por)
650 _aSoja
650 _aProgenie
650 _aCruzamento Vegetal
650 _aOleo Vegetal
650 _aProdutividade
909 _a202309
_bLucia
_c55
_dLucia Elande
942 _cBK
999 _c55348
_d55348